Ρευστές ταυτότητες και έμφυλες ανατροπές ρόλων στην ελληνική μυθολογία : η περίπτωση του μύθου της Ομφάλης : διπλωματική εργασία [μεταπτυχιακή εργασία]
Αποθηκεύτηκε σε:
| Κύριος συγγραφέας: | |
|---|---|
| Συγγραφή απο Οργανισμό/Αρχή: | |
| Άλλοι συγγραφείς: | |
| Μορφή: | Thesis Βιβλίο |
| Γλώσσα: | Greek |
| Δημοσίευση: |
2013
|
| Θέματα: | |
| Διαθέσιμο Online: | http://hdl.handle.net/11610/13781 |
| Ετικέτες: |
Προσθήκη ετικέτας
Δεν υπάρχουν, Καταχωρήστε ετικέτα πρώτοι!
|
MARC
| LEADER | 00000cam a2200000 i 4500 | ||
|---|---|---|---|
| 001 | 1/42919 | ||
| 008 | 140225s2013 gre d | ||
| 035 | |l 10116835 | ||
| 040 | |a GR-MY-UA |b gre |e aacr | ||
| 041 | 0 | |a gre | |
| 082 | 0 | |a 398.02 |2 (22) | |
| 100 | 1 | |a Βαξεβάνη, Μυρσίνη Σ. | |
| 245 | 1 | 0 | |a Ρευστές ταυτότητες και έμφυλες ανατροπές ρόλων στην ελληνική μυθολογία : |b η περίπτωση του μύθου της Ομφάλης : διπλωματική εργασία [μεταπτυχιακή εργασία] / |c Μυρσίνη Σ. Βαξεβάνη ; επιβλέπουσα: Μαρία Γκασούκα |
| 260 | |c 2013 | ||
| 300 | |a 50 σ.; |c 30 εκ. | ||
| 500 | |a Μέλη εξεταστικής επιτροπής: Ελένη Θεοδωροπούλου, Γεώργιος Παπαντωνάκης | ||
| 502 | |a Διατριβή (μεταπτυχιακή) – Πανεπιστήμιο Αιγαίου, Ρόδος, 2013. | ||
| 504 | |a Βιβλιογραφία: σ. 48-50 | ||
| 650 | 0 | 0 | |a Folk literature, Greek. |
| 650 | 0 | 0 | |a Myth in literature. |
| 650 | 0 | 0 | |a Sexism in literature. |
| 650 | 0 | 0 | |a Dissertations, Academic |z Greece. |
| 650 | 0 | 0 | |a Mythology, Greek. |
| 700 | 1 | |a Γκασούκα, Μαρία. |4 ths | |
| 710 | 1 | |a Πανεπιστήμιο Αιγαίου |b Σχολή Ανθρωπιστικών Επιστημών |b Τμήμα Επιστημών της Προσχολικής Αγωγής και του Εκπαιδευτικού Σχεδιασμού |b Μεταπτυχιακό Πρόγραμμα Σπουδών Παιδικό Βιβλίο και Παιδαγωγικό Υλικό. | |
| 852 | |a INST |b RHODES |c DIATR |e 20140225 |h 398.02 ΒΑΞ |p 005400036244 |q 005400036244 |t MTXE |y 23 | ||
| 852 | |a INST |b RHODES |c DIATR |e 20140225 |h 398.02 ΒΑΞ |p 005400036245 |q 005400036245 |t MTXE |y 23 | ||
| 856 | |u http://hdl.handle.net/11610/13781 | ||
| 901 | |a BIBL4-2014-1 | ||
| 909 | |a Ρ |b 182750 | ||
| 909 | |a Ρ |b 182751 | ||
| 924 | |a ΒΑΞΕΒΑΝΗ |b ΜΥΡΣΙΝΗ Σ. |y ΡΟΔΟΣ |z 2014-01 | ||
| 970 | |z 2014/02/25 | ||